| 000 | 00320nam a2200097Ia 4500 | ||
|---|---|---|---|
| 082 | _aEKF|DALY | ||
| 245 | 0 | _aCreepy street : and other thrills, chills and giggles for Halloween | |
| 100 |
_a Daly, Niki Pietermaritzburg, South Africa, 2008 _970283 |
||
| 942 | _cBK | ||
| 008 | 210817s9999 xx 000 0 und d | ||
| 999 |
_c227684 _d227683 |
||